000 01634cam a22002054a 4500
005 20250605164334.0
008 250528s ||||||||||||||||||||||||d
035 _a23348
020 _a1583918310
040 _aGR-AtMCL
_bgre
_dGR-AtMCL
_eAACR2
245 1 _aThe Handbook of Child and Adolescent Clinical Psychology
250 _a2nd
260 _bRoutledge - Taylor & Francis Group,
_c2006
300 _a1192
520 _aThis book does an admirable job in providing immensely practical approaches for the assessment and treatment of mental health problems in young people, whilst also being critically and constructively informative on the findings of research and the claims of theories.Acknowledgements, Frameworks of Practice, Normal Development, Influences on Problem Development, Classification and Epidemiology and Treatment Effectiveness, The Consultation Process and Intake Interviews, Report Writing, Problems of Infancy and Early Childhood, Sleep Problems, Toileting Problems, Intellectual and Learning and Communication Disabilities, Autism and Pervasive Developmental Disorders, Problems of Middle Childhood, Conduct Problems, Attention and Over-Activity Problems, Fear and Anxiety Problems, Repetation Problems, Somatic Problems, Problems in Adolescence, Drug Abuse, Mood Problems, Anorexia and Bulimia Nervosa, Schizophrenia, Child Abuse, Physical Child Abuse, Emotional Abuse and Neglect, Sexual Abuse, Adjustment to Major Life Transitions, Foster Care, Separation and Divorce, Grief and Bereavement, References, Index.
700 1 _aCarr Alan
_98672
942 _cBK
999 _c8373
_d8373